| 000 | 00879nam a22002777a 4500 | ||
|---|---|---|---|
| 001 | 2122595 | ||
| 003 | OSt | ||
| 005 | 20140310182120.0 | ||
| 008 | 970925s1996 ph ab f000 0 eng | ||
| 010 | _a 96946679 | ||
| 040 |
_aDLC _cDLC |
||
| 042 | _alcode | ||
| 050 | 0 | 0 |
_aAM 79 _b.G946 1996 |
| 082 |
_aHS 708 _bG94 1996 |
||
| 245 | 0 | 2 | _aA guidebook to the museums of Northern Luzon / |
| 260 |
_aManila : _bNational Commission for Culture and the Arts, _cc1996. |
||
| 300 |
_a78 p. : _bill. ; _c24 cm. |
||
| 650 |
_aMuseums _xPhilippines _xNorthern Luzon _913982 |
||
| 650 |
_aZerrudo, Eric B. _913983 |
||
| 650 |
_aBuenconsejo, Malou _913984 |
||
| 710 | 2 |
_aNational Commission on Culture and the Arts (Philippines). _bCommittee of Museums. _913957 |
|
| 906 |
_a7 _bcbc _corigode _d4 _encip _f19 _gy-gencatlg |
||
| 942 |
_2lcc _cHS |
||
| 999 |
_c9523 _d9523 |
||